<?xml version="1.0" encoding="UTF-8"?>
<record
    xmlns:xsi="http://www.w3.org/2001/XMLSchema-instance"
    xsi:schemaLocation="http://www.loc.gov/MARC21/slim http://www.loc.gov/standards/marcxml/schema/MARC21slim.xsd"
    xmlns="http://www.loc.gov/MARC21/slim">

  <leader>00656nam a22001937a 4500</leader>
  <datafield tag="999" ind1=" " ind2=" ">
    <subfield code="c">175705</subfield>
    <subfield code="d">175705</subfield>
  </datafield>
  <controlfield tag="005">20200921125714.0</controlfield>
  <datafield tag="010" ind1=" " ind2=" ">
    <subfield code="a">ENG-128442</subfield>
  </datafield>
  <datafield tag="020" ind1=" " ind2=" ">
    <subfield code="c">1195.00</subfield>
    <subfield code="a">9780199468119</subfield>
  </datafield>
  <datafield tag="035" ind1=" " ind2=" ">
    <subfield code="a">EN-111974</subfield>
  </datafield>
  <datafield tag="037" ind1=" " ind2=" ">
    <subfield code="b">DBAD/PUB</subfield>
  </datafield>
  <datafield tag="082" ind1=" " ind2=" ">
    <subfield code="a">954.51</subfield>
  </datafield>
  <datafield tag="100" ind1=" " ind2=" ">
    <subfield code="a">Saikia, Arupjyoti</subfield>
  </datafield>
  <datafield tag="245" ind1=" " ind2=" ">
    <subfield code="a">The Unquiet River:</subfield>
    <subfield code="b">A Biography of the Brahmaputra/</subfield>
    <subfield code="c">by Arupjyoti Saikia</subfield>
  </datafield>
  <datafield tag="260" ind1=" " ind2=" ">
    <subfield code="a">New Delhi</subfield>
    <subfield code="b">Oxford University Press</subfield>
    <subfield code="c">2019</subfield>
  </datafield>
  <datafield tag="270" ind1=" " ind2=" ">
    <subfield code="a">22 Workspace, 2nd Floor, I/22 Asaf Ali Road,</subfield>
    <subfield code="b">New Delhi</subfield>
    <subfield code="e">110002</subfield>
  </datafield>
  <datafield tag="300" ind1=" " ind2=" ">
    <subfield code="a">xxi;583p.</subfield>
    <subfield code="c">23cm(pbk)</subfield>
    <subfield code="b">Pictures, Maps</subfield>
  </datafield>
  <datafield tag="500" ind1=" " ind2=" ">
    <subfield code="a">Contains Bibliography, Afterword and Index</subfield>
  </datafield>
  <datafield tag="942" ind1=" " ind2=" ">
    <subfield code="2">ddc</subfield>
    <subfield code="c">EN</subfield>
    <subfield code="h">954.51</subfield>
    <subfield code="m">SAI</subfield>
  </datafield>
  <datafield tag="952" ind1=" " ind2=" ">
    <subfield code="0">0</subfield>
    <subfield code="1">0</subfield>
    <subfield code="4">0</subfield>
    <subfield code="7">0</subfield>
    <subfield code="8">NFIC</subfield>
    <subfield code="a">AG</subfield>
    <subfield code="b">AG</subfield>
    <subfield code="d">2020-09-21</subfield>
    <subfield code="e">DBAD/PUB</subfield>
    <subfield code="g">1195.00</subfield>
    <subfield code="l">2</subfield>
    <subfield code="m">1</subfield>
    <subfield code="o">954.51 SAI</subfield>
    <subfield code="p">EN-111974</subfield>
    <subfield code="r">2022-06-25 00:00:00</subfield>
    <subfield code="s">2022-06-04</subfield>
    <subfield code="v">1195.00</subfield>
    <subfield code="w">2020-09-21</subfield>
    <subfield code="y">EN</subfield>
  </datafield>
</record>
